Les 100 meilleurs clubs de football selon le classement UEFA - 2018 - Statistiques

Statistiques générales
  • Ce quiz a été pris 41 345 fois
    41 311 depuis la dernière actualisation
  • Le résultat moyen est 42 sur 100
Statistiques - réponses
Réponse % Correct
Espagne FC Barcelone
99%
Espagne Real Madrid
99%
Allemagne Bayern Munich
97%
France Paris SG
97%
Italie Juventus Turin
94%
Angleterre Manchester City
94%
Angleterre Manchester United
94%
Allemagne Borussia Dortmund
90%
France Olympique de Marseille
90%
Italie Inter Milan
88%
Italie Milan AC
88%
Angleterre Chelsea
87%
Portugal FC Porto
87%
Portugal Benfica Lisbonne
86%
Angleterre Liverpool
86%
Angleterre Arsenal
84%
Espagne Atletico Madrid
84%
Espagne FC Seville
82%
France Olympique Lyonnais
78%
Italie AS Roma
72%
Pays-Bas Ajax Amsterdam
71%
France Monaco
71%
Italie Naples
71%
Angleterre Tottenham
66%
Turquie Galatasaray
62%
Portugal Sporting Portugal
62%
Ukraine Dynamo Kiev
61%
Italie Lazio Rome
58%
Allemagne RB Leipzig
57%
Allemagne Bayer Leverkusen
56%
Espagne FC Valence
54%
Pays-Bas PSV Eindhoven
54%
Ukraine Shaktar Donetsk
53%
Espagne Athletic Bilbao
52%
Suisse FC Bâle
46%
Turquie Fenerbahce
46%
Espagne Villareal
46%
Belgique Club Brugges
45%
Ecosse Celtic Glasgow
44%
Russie Zenith Saint-Pétersbourg
44%
Espagne Betis Seville
42%
Angleterre Leicester City
42%
Angleterre West Ham
42%
Espagne Real Sociedad
41%
République Tchèque Sparta Prague
41%
Belgique Anderlecht
40%
Turquie Besiktas
40%
Italie Atalanta
39%
France A.S. Saint-Etienne
38%
Pays-Bas Feyenoord Rotterdam
38%
Italie Fiorentina
38%
Croatie Dinamo Zagreb
37%
Angleterre Everton
36%
Grèce Olympiakos
34%
Portugal SC Braga
34%
Russie CSKA Moscou
33%
Allemagne Wolfsburg
32%
Allemagne FC Schalke 04
31%
Suisse Young Boys Berne
31%
Danemark FC Copenhague
29%
Autriche Redbull Salzburg
28%
Italie Torino
27%
Chypre APOEL Nicosie
23%
Belgique Genk
23%
Allemagne Hertha Berlin
23%
Serbie Partizan Belgrade
23%
Allemagne Borussia M'Gladbach
22%
Pologne Legia Varsovie
22%
Russie Lokomotiv Moscou
22%
Roumanie Steaua Bucarest
22%
Pays-Bas AZ Alkmaar
18%
Allemagne Cologne
18%
Belgique La Gantoise
18%
Autriche Rapid Vienne
17%
Italie Sampdoria Gênes
17%
Italie Sassuolo
17%
Espagne Celta Vigo
16%
Allemagne Hoffenheim
16%
Israel Maccabi Tel-Aviv
16%
Allemagne Fribourg
15%
Grèce PAOK Salonique
15%
Italie Udinese
15%
Angleterre Southampton
14%
Kazakhstan FC Astana
13%
Autriche Austria Vienne
10%
Russie FK Krasnodar
10%
Azerbadjan Qarabag
10%
Turquie Trabzonspor
10%
Bulgarie Razgrad Ludogorets
9%
Moldavie Sheriff Tiraspol
9%
République Tchèque Viktoria Plzen
8%
Bélarus BATE Borisov
6%
Russie Dinamo Moscou
6%
Russie Rubin Kazan
6%
Ukraine Dnipro Dnipropetrovsk
5%
Slovénie Maribor
4%
Angleterre Hull City
2%
Croatie Rijeka
2%
République Tchèque Slovan Liberec
2%
Angleterre Wigan
1%
Aucun quiz correspondant
Distribution des résultats
% des personnes avec chaque résultat
Percentile par nombre de réponses
Votre historique - résultats
Vous n’avez pas pris ce quiz depuis la dernière actualisation